Oyun kitabı / (Record no. 200461495)
[ view plain ]
| 000 -LEADER | |
|---|---|
| fixed length control field | 00904nam a22003017a 4500 |
| 001 - CONTROL NUMBER | |
| control field | 200461495 |
| 003 - CONTROL NUMBER IDENTIFIER | |
| control field | TR-AnTOB |
| 005 - DATE AND TIME OF LATEST TRANSACTION | |
| control field | 20241119102924.0 |
| 008 - FIXED-LENGTH DATA ELEMENTS--GENERAL INFORMATION | |
| fixed length control field | 240703b tu ||||| |||| 00| 0 tur d |
| 020 ## - INTERNATIONAL STANDARD BOOK NUMBER | |
| International Standard Book Number | 9786050205626 |
| 040 ## - CATALOGING SOURCE | |
| Original cataloging agency | TR-AnTOB |
| Language of cataloging | eng |
| Description conventions | rda |
| Transcribing agency | TR-AnTOB |
| 041 ## - LANGUAGE CODE | |
| Language code of text/sound track or separate title | Türkçe |
| 092 ## - LOCALLY ASSIGNED DEWEY CALL NUMBER (OCLC) | |
| Classification number | 796.1 |
| Item number | LEN 2018 |
| 100 ## - MAIN ENTRY--PERSONAL NAME | |
| Personal name | Lengwenus, Björn |
| 9 (RLIN) | 146087 |
| 245 ## - TITLE STATEMENT | |
| Title | Oyun kitabı / |
| Statement of responsibility, etc. | Björn Lengwenus, Jörg Hilbert ; Almancadan çeviren: Gülderen Pamir |
| 250 ## - EDITION STATEMENT | |
| Edition statement | 1.bs. |
| 260 ## - PUBLICATION, DISTRIBUTION, ETC. | |
| Place of publication, distribution, etc. | İstanbul : |
| Name of publisher, distributor, etc. | Pia Çocuk, |
| Date of publication, distribution, etc. | 2018. |
| 300 ## - PHYSICAL DESCRIPTION | |
| Extent | 160 Pages. : |
| Other physical details | ill. ; |
| Dimensions | 24 cm. |
| 336 ## - CONTENT TYPE | |
| Content type term | text |
| Content type code | txt |
| Source | rdacontent |
| 337 ## - MEDIA TYPE | |
| Media type term | unmediated |
| Media type code | n |
| Source | rdamedia |
| 338 ## - CARRIER TYPE | |
| Carrier type term | volume |
| Carrier type code | nc |
| Source | rdacarrier |
| 500 ## - GENERAL NOTE | |
| General note | Özgün eseradı: Spielbuch |
| 653 ## - INDEX TERM--UNCONTROLLED | |
| Uncontrolled term | Çocuk oyunları |
| 700 ## - ADDED ENTRY--PERSONAL NAME | |
| Personal name | Pamir, Gülderen |
| Relator term | translator |
| 9 (RLIN) | 146088 |
| 942 ## - ADDED ENTRY ELEMENTS (KOHA) | |
| Source of classification or shelving scheme | Dewey Decimal Classification |
| Koha item type | Book |
| Withdrawn status | Lost status | Source of classification or shelving scheme | Not for loan | Collection code | Home library | Current library | Shelving location | Date acquired | Total Checkouts | Full call number | Barcode | Date last seen | Date shelved | Koha item type |
|---|---|---|---|---|---|---|---|---|---|---|---|---|---|---|
| Dewey Decimal Classification | Ödünç Verilebilir / Available | College General Collection | TOBB ETÜ Koleji | TOBB ETÜ Koleji | College General Collection | 03/07/2024 | 796.1 LEN 2018 | 200461495 | 03/07/2024 | 03/07/2024 | Book |
